| 000 | 01210cam a22003134a 4500 | ||
|---|---|---|---|
| 001 | 453 | ||
| 005 | 20230425092117.0 | ||
| 008 | 981019s1999 maua b 000 0 eng | ||
| 020 | _a0763605573 (alk. paper) | ||
| 040 |
_aDLC _cDLC _dDLC |
||
| 050 | 0 | 0 |
_aQL696.S473 _bJ45 1999 |
| 082 | 0 | 0 |
_a598.47 _221 |
| 100 | 1 |
_aJenkins, Martin, _d1959- |
|
| 245 | 1 | 4 |
_aThe emperor's egg / _cMartin Jenkins ; illustrated by Jane Chapman. |
| 250 | _a1st U.S. ed. | ||
| 260 |
_aCambridge, Mass. : _bCandlewick Press, _c1999. |
||
| 300 |
_a29 pages : _bcolor illustrations ; _c28 cm. |
||
| 520 | _aDescribes the parental behavior of Emperor penguins, focusing on how the male keeps the egg warm until it hatches and how the parents care for the chick after it is born. | ||
| 521 |
_a670
_bLexile |
||
| 521 |
_aM
_bRaz-Plus |
||
| 650 | 0 |
_aEmperor penguin _xBehavior _vJuvenile literature. |
|
| 650 | 0 |
_aParental behavior in animals _vJuvenile literature. |
|
| 650 | 1 |
_aEmperor penguins _xHabits and behavior. |
|
| 650 | 1 |
_aPenguins _xHabits and behavior. |
|
| 650 | 1 | _aParental behavior in animals. | |
| 700 | 1 |
_aChapman, Jane, _d1970- _eill. |
|
| 906 |
_a7 _bcbc _corignew _d1 _eocip _f19 _gy-gencatlg |
||
| 942 |
_2ddc _cBK _n0 |
||
| 999 |
_c453 _d453 |
||